Gaceta de los tribunales 1924

Gardado en:
Detalles Bibliográficos
Formato: Libro
Idioma:Lingua castelá
Publicado: Santiago Imprenta Balcells 1924
Subjects:
Tags: Engadir etiqueta
Sen Etiquetas, Sexa o primeiro en etiquetar este rexistro!

MARC

LEADER 00000nam a2200000 a 4500
001 UCI6330
003 CL-VaPUC
008 080430e19240000CL |||||||||||||||||spa|d
082 0 4 |a 347.83  |b GAC  |2 21 
245 1 0 |a Gaceta de los tribunales 1924 
300 |a v 
942 |c BK 
945 |d 20080430 00:00:00  |a cmena 
260 |a Santiago  |b Imprenta Balcells  |c 1924 
650 0 |a Historia  |9 255047 
650 7 |a FUENTES  |2 CL-VaPUC  |9 255666 
650 0 |a Tribunales de justicia   |9 328494 
651 7 |a CHILE  |2 CL-VaPUC  |9 529142 
583 |a last modification  |c 20080430 00:00:00  |k Rodrigo Vera 
999 |c 329849  |d 329847 
952 |0 0  |1 0  |4 0  |6 347_830000000000000_GAC_1924  |7 0  |8 X  |9 414992  |a BIBHIS  |b BIBHIS  |d 2019-11-22  |h v.1  |i 2842971  |o 347.83 GAC 1924  |p 2842971  |r 2024-01-30  |w 2019-11-22  |y BK_X  |k HIS